MyGZULibrary

Hope, pain & patience : (Record no. 8216)

MARC details
000 -LEADER
fixed length control field 02875cam a2200397 a 4500
001 - CONTROL NUMBER
control field 17197483
003 - CONTROL NUMBER IDENTIFIER
control field GZU
005 - DATE AND TIME OF LATEST TRANSACTION
control field 20210517145856.0
008 - FIXED-LENGTH DATA ELEMENTS--GENERAL INFORMATION
fixed length control field 120306s2011 sa ab b 001 0 eng d
010 ## - LIBRARY OF CONGRESS CONTROL NUMBER
LC control number 2012364078
016 7# - NATIONAL BIBLIOGRAPHIC AGENCY CONTROL NUMBER
Record control number 016003910
Source Uk
020 ## - INTERNATIONAL STANDARD BOOK NUMBER
International Standard Book Number 9781920196363
020 ## - INTERNATIONAL STANDARD BOOK NUMBER
International Standard Book Number 1920196366
035 ## - SYSTEM CONTROL NUMBER
System control number (OCoLC)ocn749335172
040 ## - CATALOGING SOURCE
Original cataloging agency Z7E
Transcribing agency Z7E
Modifying agency CLU
-- Z@L
-- UKMGB
-- YDXCP
-- DLC
042 ## - AUTHENTICATION CODE
Authentication code lccopycat
-- pcc
050 00 - LIBRARY OF CONGRESS CALL NUMBER
Classification number HQ1236.5 HOP 2011
Item number H67 2011
082 04 - DEWEY DECIMAL CLASSIFICATION NUMBER
Classification number 305.409624
Edition number 22
245 00 - TITLE STATEMENT
Title Hope, pain & patience :
Remainder of title the lives of women in south Sudan /
Statement of responsibility, etc. edited by Friederike Bubenzer and Orly Stern.
246 3# - VARYING FORM OF TITLE
Title proper/short title Hope, pain and patience
260 ## - PUBLICATION, DISTRIBUTION, ETC.
Place of publication, distribution, etc. Auckland Park, South Africa :
Name of publisher, distributor, etc. Jacana Media,
Date of publication, distribution, etc. 2011.
300 ## - PHYSICAL DESCRIPTION
Extent xxxi, 259 p. :
Other physical details ill., map ;
Dimensions 24 cm.
500 ## - GENERAL NOTE
General note Includes bibliography
504 ## - BIBLIOGRAPHY, ETC. NOTE
Bibliography, etc. note Includes bibliographical references and index.
520 ## - SUMMARY, ETC.
Summary, etc. "As in many post-conflict countries, the roles played by women during Sudan's long-lasting liberation struggle continue to go unrecognised. Thousands of women joined the southern liberation struggle in response to a political situation that affected whole communities, leaving the comfort and security of their homes not just to accompany their husbands but to fight for freedom, democracy, equity, justice, rights and dignity. As well as playing roles in the fighting, women acted as mothers, teachers and nurses, and filled numerous other roles during the war. The long-standing struggle for the liberation of South Sudan severely altered traditional gender roles as well as the societal structure as a whole. Women also suffered during the war. An increase in HIV, hunger and violence, particularly sexual violence, characterised their lives in Sudan as well as in exile for many years. Life in the post-conflict period continues to be challenging, as women try to carve out a meaningful life in a tenuous peace. This volume documents the lives of different groups of women in South Sudan. It seeks to understand the contributions made by a range of women both during the conflict and today. It describes the women of South Sudan: who they are, what they have experienced, what they hope and feel, what they experienced in the war, and whether the end of the war has brought meaningful change"--Back cover.
650 #0 - SUBJECT ADDED ENTRY--TOPICAL TERM
Topical term or geographic name entry element Women
Geographic subdivision Sudan.
650 #0 - SUBJECT ADDED ENTRY--TOPICAL TERM
Topical term or geographic name entry element Women's rights
Geographic subdivision Sudan.
651 #0 - SUBJECT ADDED ENTRY--GEOGRAPHIC NAME
Geographic name Sudan
General subdivision Politics and government
Chronological subdivision 1985-
700 1# - ADDED ENTRY--PERSONAL NAME
Personal name Bubenzer, Friederike.
700 1# - ADDED ENTRY--PERSONAL NAME
Personal name Stern, Orly.
856 42 - ELECTRONIC LOCATION AND ACCESS
Materials specified Publisher description
Uniform Resource Identifier <a href="http://www.loc.gov/catdir/enhancements/fy1209/2012364078-d.html">http://www.loc.gov/catdir/enhancements/fy1209/2012364078-d.html</a>
856 42 - ELECTRONIC LOCATION AND ACCESS
Materials specified Contributor biographical information
Uniform Resource Identifier <a href="http://www.loc.gov/catdir/enhancements/fy1305/2012364078-b.html">http://www.loc.gov/catdir/enhancements/fy1305/2012364078-b.html</a>
906 ## - LOCAL DATA ELEMENT F, LDF (RLIN)
a 7
b cbc
c copycat
d 3
e ncip
f 20
g y-gencatlg
942 ## - ADDED ENTRY ELEMENTS (KOHA)
Source of classification or shelving scheme Library of Congress Classification
Koha item type Books
Classification part 1236.5
Item part HOP
Call number prefix HQ
Holdings
Withdrawn status Lost status Damaged status Not for loan Collection code Home library Current library Shelving location Date acquired Total Checkouts Full call number Barcode Date last seen Copy number Price effective from Koha item type
        Non-fiction Gender Resource Centre Gender Resource Centre General Stacks 05/17/2021   HQ1236.5 HOP 2011 026433 05/17/2021 c.1 05/17/2021 Books